[Event "40th Olympiad Open"]
[Site "Istanbul TUR"]
[Date "2012.09.07"]
[Round "10.47"]
[Board "2"]
[White "Lim, Yee-Weng"]
[Black "Nanjo, Ryosuke"]
[Result "1/2-1/2"]
[WhiteTitle "IM"]
[BlackTitle "CM"]
[WhiteElo "2287"]
[BlackElo "2316"]
[WhiteTeam "Malaysia"]
[BlackTeam "Japan"]
[WhiteFideId "5700590"]
[BlackFideId "7000634"]
[EventDate "2012.08.28"]

1. e4 c5 2. c3 d6 3. d4 Nf6 4. Bd3 g6 5. Nf3 Bg7 6. O-O O-O 7. h3 Qc7 8. Bg5 h6
9. Be3 Nbd7 10. Re1 Rd8 11. Nbd2 e5 12. Nf1 b6 13. d5 c4 14. Bc2 Rb8 15. g4 h5
16. Nh4 Nf8 17. f3 Qe7 18. Ng2 hxg4 19. hxg4 N6h7 20. Qd2 Bf6 21. Ng3 Bg5 22.
Kf2 Qf6 23. Ke2 Bxe3 24. Qxe3 Ng5 25. Rh1 Nd7 26. Rh6 Kf8 27. Nf5 Ke8 28. Nxd6+
Qxd6 29. Qxg5 Nf8 30. Rh8 Kd7 31. Qe3 Kc7 32. Ba4 Bd7 33. Bxd7 Nxd7 34. Rh7 Rf8
35. b3 Qa3 36. Qc1 Qa6 37. b4 b5 38. a4 bxa4 39. Ne1 Rh8 40. Qh6 1/2-1/2

[Event "40th Olympiad Open"]
[Site "Istanbul TUR"]
[Date "2012.09.07"]
[Round "10.47"]
[Board "3"]
[White "Watanabe, Akira"]
[Black "Yeoh, Li Tian"]
[Result "1/2-1/2"]
[WhiteTitle "FM"]
[WhiteElo "2278"]
[BlackElo "2258"]
[WhiteTeam "Japan"]
[BlackTeam "Malaysia"]
[WhiteFideId "7000227"]
[BlackFideId "5702895"]
[EventDate "2012.08.28"]

1. d4 d5 2. c4 c6 3. Nf3 Nf6 4. cxd5 cxd5 5. Nc3 Nc6 6. Bf4 a6 7. Rc1 Bf5 8. e3
Rc8 9. Be2 e6 10. O-O Bd6 11. Bxd6 Qxd6 12. Nh4 Be4 13. f3 Bg6 14. Na4 O-O 15.
Nxg6 hxg6 16. Nc5 Rc7 17. Qd2 e5 18. Rc3 Re8 19. Nb3 exd4 20. Nxd4 Nxd4 21. Qxd4
Rxc3 22. Qxc3 d4 23. Qd2 Rxe3 24. Rd1 Re8 25. Bc4 Rd8 26. Qd3 b5 27. Bb3 Nh7 28.
Re1 Nf8 29. Re4 Qf6 30. g3 g5 31. h4 Ng6 32. hxg5 Qxg5 33. Rg4 Qc1+ 34. Kg2 Ne5
35. Qf5 Qd2+ 36. Kh3 Nxg4 37. Bxf7+ Kh8 38. fxg4 Qh6+ 39. Kg2 d3 40. g5 Qh7 41.
g6 Qh6 42. Bb3 d2 43. Bd1 a5 44. a4 bxa4 45. Qxa5 Rg8 46. Qf5 Re8 47. Qg4 Rd8
48. Bxa4 Rf8 49. b4 1/2-1/2

[Event "40th Olympiad Open"]
[Site "Istanbul TUR"]
[Date "2012.09.07"]
[Round "10.47"]
[Board "4"]
[White "Liew, Chee-Meng-Jimmy"]
[Black "Averbukh, Alex"]
[Result "1-0"]
[WhiteTitle "IM"]
[WhiteElo "2297"]
[BlackElo "2211"]
[WhiteTeam "Malaysia"]
[BlackTeam "Japan"]
[WhiteFideId "5700019"]
[BlackFideId "2028255"]
[EventDate "2012.08.28"]

1. d4 e6 2. c4 b6 3. Nf3 Bb7 4. Nc3 f5 5. d5 Na6 6. dxe6 dxe6 7. Qa4+ c6 8. Bg5
Be7 9. Rd1 Qc7 10. e3 Bxg5 11. Nxg5 Qe7 12. Nf3 Nc5 13. Qc2 Nf6 14. Be2 O-O 15.
O-O a5 16. Ne5 Nfd7 17. Nxd7 Nxd7 18. Rd2 Nc5 19. Rfd1 Rad8 20. Bf3 Rxd2 21.
Rxd2 e5 22. Qd1 e4 23. Be2 h6 24. a3 Qf6 25. g3 Kh7 26. Rd6 Qe7 27. Rd4 Bc8 28.
b4 axb4 29. axb4 Ne6 30. Rd6 Qc7 31. b5 cxb5 32. Nxb5 Qc5 33. Qd5 Ng5 34. Qxc5
bxc5 35. Rc6 Ne6 36. Nc7 Nxc7 37. Rxc7 Be6 38. Rxc5 Rc8 39. Rxc8 Bxc8 40. Kf1
Kg6 41. Ke1 Kf6 42. Kd2 Ke5 43. Kc3 g5 44. Kb4 Kd6 45. c5+ Kc6 46. Bb5+ Kd5 47.
Bc4+ Kc6 48. Bf7 Bd7 49. Kc4 Bc8 50. Bd5+ Kd7 51. Kd4 1-0

[Event "40th Olympiad Open"]
[Site "Istanbul TUR"]
[Date "2012.09.07"]
[Round "10.48"]
[Board "1"]
[White "Harper, Ryan"]
[Black "Jere, Daniel"]
[Result "0-1"]
[WhiteTitle "FM"]
[BlackTitle "FM"]
[WhiteElo "2222"]
[BlackElo "2382"]
[WhiteTeam "Trinidad & Tobago"]
[BlackTeam "Zambia"]
[WhiteFideId "7700156"]
[BlackFideId "8700249"]
[EventDate "2012.08.28"]

1. e4 c5 2. Nf3 Nc6 3. d4 cxd4 4. Nxd4 g6 5. Nc3 Bg7 6. Be3 Nf6 7. Bc4 Qa5 8.
O-O O-O 9. h3 d6 10. Bb3 Bd7 11. f4 Nxd4 12. Bxd4 Bc6 13. Qd3 Nd7 14. Bxg7 Kxg7
15. a3 Qb6+ 16. Kh2 Nc5 17. Qd4+ Kg8 18. Bd5 Qxb2 19. Rab1 Qxc2 20. Rf3 Bxd5 21.
Nxd5 Rfe8 22. Rb2 Qxe4 23. Qxe4 Nxe4 24. Nc7 Nc5 25. g4 Rac8 26. Nxe8 Rxe8 27.
h4 Rb8 28. Re3 Kf8 29. h5 b5 30. hxg6 hxg6 31. Kg1 e6 32. Rh2 Ke7 33. f5 gxf5
34. gxf5 e5 35. Kf1 a5 36. Ke1 b4 37. axb4 axb4 38. Kd1 Ra8 39. Rb2 Ra1+ 40. Ke2
b3 41. Rh3 Ra2 42. Rxa2 bxa2 43. Ra3 Nb3 0-1

[Event "40th Olympiad Open"]
[Site "Istanbul TUR"]
[Date "2012.09.07"]
[Round "10.48"]
[Board "2"]
[White "Chumfwa, Stanley"]
[Black "Joseph, Marcus"]
[Result "1-0"]
[WhiteElo "2347"]
[BlackElo "2206"]
[WhiteTeam "Zambia"]
[BlackTeam "Trinidad & Tobago"]
[WhiteFideId "8700117"]
[BlackFideId "7700393"]
[EventDate "2012.08.28"]

1. e4 c5 2. Nf3 a6 3. d4 cxd4 4. Nxd4 Nf6 5. Nc3 d6 6. Bg5 e6 7. f4 Be7 8. Qf3
Nbd7 9. O-O-O Qc7 10. g4 b5 11. Bxf6 Nxf6 12. g5 Nd7 13. f5 Nc5 14. f6 gxf6 15.
gxf6 Bf8 16. Rg1 h5 17. Rg7 b4 18. Nd5 exd5 19. exd5 Nd7 20. Nc6 Bb7 21. Re1+
Ne5 22. Bh3 Bxc6 23. dxc6 Kd8 24. Rxe5 dxe5 25. Qd5+ Qd6 26. c7+ Kxc7 27. Rxf7+ 1-0

[Event "40th Olympiad Open"]
[Site "Istanbul TUR"]
[Date "2012.09.07"]
[Round "10.48"]
[Board "3"]
[White "Singh, Ravishen"]
[Black "Bwalya, Gillan"]
[Result "0-1"]
[WhiteElo "2067"]
[BlackElo "2256"]
[WhiteTeam "Trinidad & Tobago"]
[BlackTeam "Zambia"]
[WhiteFideId "7700199"]
[BlackFideId "8700257"]
[EventDate "2012.08.28"]

1. e4 e5 2. Nf3 Nc6 3. Bb5 a6 4. Ba4 Nf6 5. O-O Be7 6. Re1 b5 7. Bb3 d6 8. h3
O-O 9. c3 Nb8 10. a4 Bb7 11. d3 Nbd7 12. Bc2 Re8 13. Nbd2 Bf8 14. Nf1 c5 15. Ng3
g6 16. Nh2 d5 17. Ng4 Nxg4 18. Qxg4 Bg7 19. Bg5 Qc7 20. Qh4 d4 21. Bh6 Bh8 22.
Qg4 c4 23. h4 Nc5 24. dxc4 bxc4 25. h5 Bc8 26. Qf3 Rb8 27. Ra2 Be6 28. Nf1 Rb7
29. Qg3 d3 30. Bd1 Reb8 31. Bc1 Qd7 32. Nd2 Qd6 33. Qe3 Bg7 34. h6 Bf8 35. g3
Qc6 36. f3 Nb3 37. Kg2 Nxc1 38. Ra1 Rxb2 39. Rxc1 Bc5 40. Qg5 f6 41. Qh4 Rxd2+
42. Kh1 g5 43. Qh5 Rbb2 44. f4 Bf5 45. Bf3 Bg6 46. Qh3 g4 0-1

[Event "40th Olympiad Open"]
[Site "Istanbul TUR"]
[Date "2012.09.07"]
[Round "10.48"]
[Board "4"]
[White "Kayonde, Andrew"]
[Black "Munro, Allan"]
[Result "1/2-1/2"]
[WhiteElo "2180"]
[BlackElo "2067"]
[WhiteTeam "Zambia"]
[BlackTeam "Trinidad & Tobago"]
[WhiteFideId "8700281"]
[BlackFideId "7700245"]
[EventDate "2012.08.28"]

1. d4 Nf6 2. c4 g6 3. Nc3 d5 4. Nf3 Bg7 5. Bg5 Ne4 6. Bh4 Nxc3 7. bxc3 dxc4 8.
Qa4+ Qd7 9. Qxc4 b6 10. e3 Ba6 11. Qb3 Bxf1 12. Kxf1 c5 13. dxc5 O-O 14. Rd1 Qb7
15. Kg1 Rc8 16. Nd4 Na6 17. c6 Qc7 18. Bg3 e5 19. h4 Nc5 20. Qc2 h5 21. Kh2 Qe7
22. Nf3 Rxc6 23. e4 Rac8 24. Rd5 Nd7 25. Rhd1 Nf6 26. R5d3 Ng4+ 27. Kg1 R6c7 28.
Nd2 Bh6 29. Nb1 Bf4 30. Bxf4 exf4 31. Qd2 f3 32. Rxf3 Qxe4 33. Re1 Qc6 34. Rd3
Qf6 35. f3 Ne5 36. Rd6 Qg7 37. Rd5 Nc4 38. Rd8+ Kh7 39. Rxc8 Rxc8 40. Qd7 Rc5
41. Qxa7 Qf6 42. Qe7 Kg7 43. Qxf6+ Kxf6 44. Kf2 Rb5 45. Ke2 Rb2+ 46. Kd3 Ne5+
47. Kd4 Nc6+ 48. Kd3 Rxa2 49. Nd2 Ne5+ 50. Ke3 Rc2 51. Ne4+ Ke7 52. Kd4 f6 1/2-1/2

[Event "40th Olympiad Open"]
[Site "Istanbul TUR"]
[Date "2012.09.07"]
[Round "10.51"]
[Board "2"]
[White "Al-Zayat, Ahmed"]
[Black "Samhouri, A."]
[Result "0-1"]
[WhiteTitle "FM"]
[BlackTitle "FM"]
[WhiteElo "1977"]
[BlackElo "2373"]
[WhiteTeam "Libya"]
[BlackTeam "Jordan"]
[WhiteFideId "9200380"]
[BlackFideId "8100640"]
[EventDate "2012.08.28"]

1. d4 c5 2. d5 Nf6 3. c4 b5 4. cxb5 a6 5. bxa6 Bxa6 6. Nc3 d6 7. g3 g6 8. Bg2
Bg7 9. Nf3 O-O 10. O-O Nbd7 11. h3 Qb6 12. Re1 Rfb8 13. Rb1 Ne8 14. Qc2 Nc7 15.
Bg5 Kf8 16. Qd2 Nb5 17. Bh6 Nxc3 18. Qxc3 Nf6 19. Bxg7+ Kxg7 20. e4 Qb4 21. Qe3
Qxe4 22. Qxe4 Nxe4 23. Rxe4 Bd3 24. Rbe1 Bxe4 25. Rxe4 Rxa2 26. Bf1 Rbxb2 27.
Bc4 Ra4 28. Kg2 Rc2 29. Bd3 Rxe4 30. Bxe4 Rc4 31. Bd3 Rc3 32. Be4 f5 33. Bb1 Kf6
34. g4 h6 35. gxf5 gxf5 36. Nh4 Rc1 37. Ba2 c4 38. Nf3 Rc2 39. Bxc4 Rxc4 40. Kg3
Rc3 41. Kf4 Rxf3+ 42. Kxf3 Ke5 43. Kg3 Kxd5 44. Kh4 Ke5 45. Kh5 d5 46. Kxh6 d4
47. h4 d3 48. h5 d2 49. Kh7 d1=Q 50. h6 Kf6 51. f4 Kf7 0-1

[Event "40th Olympiad Open"]
[Site "Istanbul TUR"]
[Date "2012.09.07"]
[Round "10.51"]
[Board "3"]
[White "Samhouri, Bilal"]
[Black "Asabri, Hussien"]
[Result "1-0"]
[WhiteTitle "FM"]
[BlackTitle "FM"]
[WhiteElo "2244"]
[BlackElo "2211"]
[WhiteTeam "Jordan"]
[BlackTeam "Libya"]
[WhiteFideId "8100942"]
[BlackFideId "9200177"]
[EventDate "2012.08.28"]

1. Nf3 Nf6 2. c4 g6 3. g3 Bg7 4. d4 O-O 5. Bg2 d6 6. O-O Nc6 7. Nc3 a6 8. h3 Bf5
9. d5 Na5 10. Nd2 c5 11. a4 Qc7 12. b3 e5 13. e4 Bd7 14. Qc2 Nh5 15. Kh2 Rae8
16. Qd1 Qd8 17. Rb1 Qc7 18. Re1 Rc8 19. Nf1 Be8 20. Bf3 Nf6 21. Bg5 h6 22. Bd2
Bd7 23. g4 Nh7 24. Qc1 f5 25. Nd1 fxg4 26. Bxg4 Bxg4 27. hxg4 Qd8 28. Kg2 b6 29.
f3 Qf6 30. Nh2 Rc7 31. Nf2 Rcf7 32. Nh3 g5 33. Ng1 Qg6 34. Rf1 h5 35. Nh3 hxg4
36. Nxg4 Nf6 37. Nxf6+ Bxf6 38. Nf2 Bg7 39. Bxa5 Rxf3 40. Be1 Qh5 41. Qd1 g4 42.
Rh1 Qg6 43. Qe2 g3 44. Nh3 Qg4 45. Rb2 R8f6 46. Rf1 Rh6 47. Qxf3 Qxh3+ 48. Kg1
Rg6 49. Rg2 Qh6 50. Rxg3 1-0

[Event "40th Olympiad Open"]
[Site "Istanbul TUR"]
[Date "2012.09.07"]
[Round "10.51"]
[Board "4"]
[White "Asabri, Hassan"]
[Black "Mansour, Sameer"]
[Result "0-1"]
[BlackTitle "FM"]
[WhiteElo "2179"]
[BlackElo "2244"]
[WhiteTeam "Libya"]
[BlackTeam "Jordan"]
[WhiteFideId "9200258"]
[BlackFideId "8100144"]
[EventDate "2012.08.28"]

1. e4 c5 2. Nf3 Nc6 3. d3 g6 4. g3 Bg7 5. Bg2 e6 6. O-O d5 7. Nbd2 Nge7 8. Re1
h6 9. c3 O-O 10. h4 b6 11. Nf1 a5 12. a4 d4 13. cxd4 Nxd4 14. Nxd4 Qxd4 15. Be3
Qd8 16. Nh2 Ba6 17. Bf1 Ra7 18. Qc1 Kh7 19. Rd1 Nc6 20. Nf3 Rd7 21. Qb1 Nb4 22.
Ra3 Qf6 23. Nh2 Qxb2 24. Rb3 Qxb1 25. Rdxb1 Rfd8 26. e5 Bxe5 27. Bxh6 Bxd3 28.
Bxd3 Rxd3 29. Ng4 Rxb3 30. Rxb3 Rd1+ 31. Kg2 Bd4 32. Bg5 Ra1 33. Nf6+ Bxf6 34.
Bxf6 Rxa4 35. Rf3 Nd5 36. Bd8 f5 0-1

[Event "40th Olympiad Open"]
[Site "Istanbul TUR"]
[Date "2012.09.07"]
[Round "10.52"]
[Board "1"]
[White "Lodhi, Mahmood"]
[Black "Tsang, Hon Ki"]
[Result "1/2-1/2"]
[WhiteTitle "IM"]
[WhiteElo "2358"]
[BlackElo "2084"]
[WhiteTeam "Pakistan"]
[BlackTeam "Hong Kong"]
[WhiteFideId "7800010"]
[BlackFideId "6000185"]
[EventDate "2012.08.28"]

1. d4 f5 2. g3 Nf6 3. Bg2 g6 4. Nh3 Bg7 5. O-O O-O 6. c4 e6 7. Nc3 d6 8. b3 Nc6
9. Bb2 e5 10. dxe5 dxe5 11. Qxd8 Nxd8 12. Nb5 c6 13. Nd6 Ne8 14. Nxc8 Rxc8 15.
Ba3 Rf7 16. Ng5 Rd7 17. Rad1 Rcc7 18. Bh3 h6 19. Ne4 Ne6 20. e3 Bf8 21. Bb2 Kf7
22. Nc3 Nf6 23. Bg2 Rxd1 24. Rxd1 Rd7 25. Rxd7+ Nxd7 26. Kf1 Ndc5 27. Ke2 e4 28.
f3 Nd3 29. Ba1 exf3+ 30. Bxf3 Ne5 31. Bg2 Ng4 32. h3 Nf6 33. e4 Bd6 34. exf5
gxf5 35. Kf2 Bc5+ 36. Kf1 Bd4 37. Bb2 Ng5 38. h4 Ne6 39. Nd1 Ng4 40. Ke2 Bc5 41.
Bh3 Kg6 42. Bc3 h5 43. Bxg4 hxg4 44. Be5 f4 45. gxf4 Kh5 46. Ne3 Kxh4 47. f5
Nd4+ 48. Kd3 Nf3 49. Bf4 g3 50. f6 Ne1+ 51. Ke4 g2 52. Bh2 Kg5 53. f7 Kg6 54.
Bg1 Kxf7 55. Nxg2 Bxg1 56. Nxe1 Ke6 57. Nd3 a5 58. a4 Kd6 59. Kf5 Bd4 60. Kf4
Bg1 61. Ke4 Bb6 62. Ne5 Ke6 63. Nf3 Kd6 64. Ne1 Kc5 65. Nd3+ Kd6 66. Kf4 Bd4 67.
Kf5 Bb6 68. Kf6 Bd4+ 69. Kf7 Kd7 70. c5 Kc7 71. Ke6 b6 72. cxb6+ Bxb6 73. Nb2
Bc5 74. Nc4 Bb4 75. Ke5 Kd7 76. Kd4 Ke6 77. Ne3 Bd2 78. Nc2 Kd6 79. Kd3 Bg5 80.
Na3 Kc5 81. Nc4 Bd8 82. Kc3 Bf6+ 83. Kc2 Bd8 84. Kc3 Bf6+ 85. Kd3 Bd8 86. Nd2
Kb4 87. Kc2 Bg5 88. Ne4 Be7 89. Ng3 Bd6 90. Nf5 Bc5 91. Ng7 Bd4 92. Ne6 c5 93.
Nd8 c4 94. Nc6+ Ka3 95. Nxd4 cxb3+ 96. Nxb3 Kxa4 97. Kc3 Kb5 98. Nxa5 1/2-1/2

[Event "40th Olympiad Open"]
[Site "Istanbul TUR"]
[Date "2012.09.07"]
[Round "10.52"]
[Board "2"]
[White "Lee, T H Bryan"]
[Black "Qureshi, M.A."]
[Result "1-0"]
[WhiteElo "2016"]
[BlackElo "2190"]
[WhiteTeam "Hong Kong"]
[BlackTeam "Pakistan"]
[WhiteFideId "6000584"]
[BlackFideId "5002753"]
[EventDate "2012.08.28"]

1. e4 e6 2. d4 d5 3. Nd2 Nf6 4. e5 Nfd7 5. Bd3 c5 6. c3 Nc6 7. Ne2 cxd4 8. cxd4
f6 9. exf6 Nxf6 10. Nf3 Bd6 11. O-O Qc7 12. Nc3 a6 13. Bg5 O-O 14. Rc1 Bd7 15.
h3 Nh5 16. Bb1 g6 17. Bh6 Rxf3 18. Qxf3 Nxd4 19. Qg4 e5 20. Qg5 Qd8 21. Qxd8+
Rxd8 22. Be3 Bc6 23. Bxd4 exd4 24. Ne2 Bb5 25. Nxd4 Bxf1 26. Kxf1 Be5 27. Rd1
Kf7 28. b3 Bxd4 29. Rxd4 Ke6 30. g4 Nf6 31. f4 Rc8 32. Kf2 Rc1 33. Bd3 Rh1 34.
Bf1 h5 35. Kg2 Rxf1 36. Kxf1 hxg4 37. hxg4 Nxg4 38. Ke2 Nf6 39. Rb4 b5 40. a4
bxa4 41. Rxa4 Kf5 42. Ke3 Nh5 43. Kf3 a5 44. Ke3 Kg4 45. Rd4 Kg3 46. Rxd5 1-0

[Event "40th Olympiad Open"]
[Site "Istanbul TUR"]
[Date "2012.09.07"]
[Round "10.52"]
[Board "3"]
[White "Waqar, Ahmad Madni"]
[Black "Qian, Kun Arthas"]
[Result "1-0"]
[WhiteElo "2062"]
[BlackElo "1983"]
[WhiteTeam "Pakistan"]
[BlackTeam "Hong Kong"]
[WhiteFideId "7800371"]
[BlackFideId "6001556"]
[EventDate "2012.08.28"]

1. e4 e6 2. Nf3 d5 3. exd5 exd5 4. d4 Bd6 5. Bb5+ Bd7 6. Bxd7+ Qxd7 7. O-O Ne7
8. Nc3 Nbc6 9. Nb5 O-O-O 10. Nxd6+ Qxd6 11. c3 h6 12. b4 Ng6 13. Bd2 Rhe8 14.
Re1 Re4 15. Qa4 Kb8 16. Qb5 Rde8 17. a4 Rxe1+ 18. Rxe1 Re4 19. a5 a6 20. Qa4 Qe6
21. b5 Rxe1+ 22. Bxe1 axb5 23. Qxb5 Na7 24. Qb1 Kc8 25. Bd2 Qe4 26. Qb3 Qe6 27.
h3 Qc6 28. Ne1 Qb5 29. Qc2 Ne7 30. Qh7 Qe2 31. Nf3 Qe6 32. Qxg7 Nac6 33. Qf8+
Kd7 34. Bxh6 Qf5 35. Bg5 Ng6 36. Qg7 Ke6 37. h4 Nf4 38. Qh6+ Ng6 39. h5 Nxa5 40.
hxg6 fxg6 41. Qg7 Nc6 42. Qxc7 Qb1+ 43. Kh2 Qb5 44. Ne5 Nxe5 45. Qxe5+ Kd7 46.
Qg7+ Kc8 47. Qxg6 Qc4 48. Qe6+ Kb8 49. Qd6+ Ka8 50. Qd8+ Ka7 51. Qa5+ Kb8 52.
Bf4+ Kc8 53. Qa8+ Kd7 54. Qxb7+ Ke6 55. Qc7 Qd3 56. Qe5+ Kf7 57. Qxd5+ Kf8 58.
Qd6+ Kg8 59. Qe6+ Kg7 60. Be5+ Kf8 61. c4 Qh7+ 62. Qh3 Qe4 63. Qf3+ 1-0

[Event "40th Olympiad Open"]
[Site "Istanbul TUR"]
[Date "2012.09.07"]
[Round "10.53"]
[Board "1"]
[White "Baules, Jorge"]
[Black "Al-Zendani, Zendan"]
[Result "0-1"]
[WhiteTitle "IM"]
[BlackTitle "IM"]
[WhiteElo "2352"]
[BlackElo "2363"]
[WhiteTeam "Panama"]
[BlackTeam "Yemen"]
[WhiteFideId "6600247"]
[BlackFideId "9400249"]
[EventDate "2012.08.28"]

1. d4 Nf6 2. c4 e6 3. Nc3 d5 4. Nf3 Be7 5. g3 O-O 6. Bg2 dxc4 7. O-O Nbd7 8. e4
Nb6 9. Be3 Bb4 10. Qc2 Bxc3 11. bxc3 h6 12. Ne5 Nfd7 13. f4 f5 14. exf5 exf5 15.
Nxc4 Nxc4 16. Bd5+ Kh8 17. Bxc4 Nf6 18. Rad1 Nd5 19. Rfe1 Be6 20. Bb3 b5 21. Bf2
Qd6 22. Re5 Rf6 23. Rde1 c6 24. a4 a6 25. Be3 Raf8 26. Bc1 Bg8 27. axb5 axb5 28.
Bxd5 Bxd5 29. Qb2 Ra8 30. Re8+ Rf8 31. Rxf8+ Qxf8 32. Qf2 Ra2 33. Re2 Ra1 34.
Re1 Qf7 35. Bb2 Ra2 36. Ra1 Rxa1+ 37. Bxa1 Qe6 38. c4 bxc4 0-1

[Event "40th Olympiad Open"]
[Site "Istanbul TUR"]
[Date "2012.09.07"]
[Round "10.53"]
[Board "2"]
[White "Faraj, Yahya"]
[Black "Arosemena, Jorge Luis"]
[Result "1/2-1/2"]
[WhiteTitle "FM"]
[BlackTitle "FM"]
[WhiteElo "2243"]
[BlackElo "2092"]
[WhiteTeam "Yemen"]
[BlackTeam "Panama"]
[WhiteFideId "9400184"]
[BlackFideId "6600140"]
[EventDate "2012.08.28"]

1. Nf3 Nf6 2. c4 c5 3. d4 cxd4 4. Nxd4 e6 5. a3 Nc6 6. Nc3 Qb6 7. Nc2 Ne5 8. e3
d6 9. Be2 Bd7 10. f4 Ng6 11. O-O Be7 12. Kh1 Bc6 13. Nd4 Nh4 14. Nxc6 Qxc6 15.
Qa4 Qxa4 16. Nxa4 Ne4 17. Bd3 d5 18. g3 Nf5 19. cxd5 exd5 20. Nc3 Nxc3 21. Bxf5
Ne4 22. Re1 Bf6 23. Kg2 g6 24. Bg4 h5 25. Bd1 O-O 26. Bb3 Rfd8 27. Rd1 Rac8 28.
Kf3 Nc5 29. Bc2 Ne4 30. Bb3 Nc5 31. Ba2 a5 32. Rb1 d4 33. e4 a4 34. e5 Be7 35.
b4 axb3 36. Bxb3 b5 37. Bd2 Na4 38. Ba5 Nc3 39. Bxd8 Rxd8 40. Ra1 Nxd1 41. Bxd1 1/2-1/2

[Event "40th Olympiad Open"]
[Site "Istanbul TUR"]
[Date "2012.09.07"]
[Round "10.53"]
[Board "3"]
[White "Valdes, Rances"]
[Black "Al-Hadarani, Hatim"]
[Result "1-0"]
[WhiteTitle "CM"]
[BlackTitle "FM"]
[WhiteElo "2139"]
[BlackElo "2263"]
[WhiteTeam "Panama"]
[BlackTeam "Yemen"]
[WhiteFideId "6600239"]
[BlackFideId "9400273"]
[EventDate "2012.08.28"]

1. d4 e6 2. c4 f5 3. Nc3 Nf6 4. g3 Bb4 5. Bg2 c5 6. Nf3 Ne4 7. O-O Bxc3 8. bxc3
Qa5 9. Be3 O-O 10. Nd2 Nxc3 11. Qe1 Qa6 12. Rc1 cxd4 13. Bxd4 Na4 14. e4 Nc6 15.
Ba1 Ne7 16. exf5 Nxf5 17. g4 Nh4 18. Qe5 Rf7 19. Be4 Ng6 20. Bxg6 hxg6 21. Ne4
Qc6 22. Ng5 Re7 23. Qg3 e5 24. Qh4 Re6 25. Qh7+ Kf8 26. Qh8+ Ke7 27. Qxg7+ Ke8
28. Qg8+ Ke7 29. Nxe6 Qxe6 30. Qxe6+ Kxe6 31. Rfe1 d6 32. f4 Nc5 33. Re3 b5 34.
cxb5 e4 35. Bd4 Nd3 36. Rc7 Kd5 37. Bxa7 Nc5 38. Bxc5 dxc5 39. Re7 Ra4 40. Re5+
Kd6 41. R5xe4 Rxa2 42. Rd3+ Kc7 43. Rc3 Kb6 44. Re5 Bxg4 45. Rcxc5 Bf3 46. Rg5
Be4 47. Rce5 Bf5 48. Rexf5 gxf5 49. Rxf5 Kc7 50. Rd5 Rb2 51. f5 Kc8 52. f6 Rb4
53. Rf5 Rg4+ 54. Kf2 Rg8 55. f7 Rf8 56. Ke3 Kd7 57. Ke4 1-0

[Event "40th Olympiad Open"]
[Site "Istanbul TUR"]
[Date "2012.09.07"]
[Round "10.53"]
[Board "4"]
[White "Salman, Saleh"]
[Black "Aizpurua, Patrick"]
[Result "0-1"]
[BlackTitle "CM"]
[WhiteElo "2004"]
[BlackElo "2113"]
[WhiteTeam "Yemen"]
[BlackTeam "Panama"]
[WhiteFideId "9400621"]
[BlackFideId "6600522"]
[EventDate "2012.08.28"]

1. e4 e6 2. d4 d5 3. e5 c5 4. c3 Qb6 5. Nf3 Nc6 6. Bd3 Bd7 7. Bc2 cxd4 8. cxd4
Nb4 9. Ba4 Bxa4 10. Qxa4+ Qc6 11. Qxc6+ bxc6 12. Kd2 c5 13. a3 Nc6 14. dxc5 Bxc5
15. Ke2 Nge7 16. Re1 Ng6 17. Kf1 Nd4 18. Nxd4 Bxd4 19. f4 Rc8 20. g3 Rc2 21. Be3
Bxe3 22. Rxe3 Rxb2 23. Re2 Rxe2 24. Kxe2 Kd7 25. Nc3 Rb8 26. Na4 f6 27. exf6
gxf6 28. Rc1 Kd6 29. Rc2 Ne7 30. Nc3 Nc6 31. Ra2 e5 32. a4 a6 33. fxe5+ fxe5 34.
Rd2 Nd4+ 35. Kd3 Rf8 36. Rg2 Rf3+ 37. Kd2 e4 38. Nb1 e3+ 39. Ke1 e2 40. Rg1 Rd3
41. Kf2 Ke5 42. h4 Ke4 43. g4 Rf3+ 44. Ke1 Ke3 45. Na3 Rh3 0-1

[Event "40th Olympiad Open"]
[Site "Istanbul TUR"]
[Date "2012.09.07"]
[Round "10.54"]
[Board "2"]
[White "Lazaris, Stelios"]
[Black "Gonzalez, Bernal"]
[Result "0-1"]
[BlackTitle "IM"]
[WhiteElo "1827"]
[BlackElo "2413"]
[WhiteTeam "Cyprus"]
[BlackTeam "Costa Rica"]
[WhiteFideId "5900425"]
[BlackFideId "6500170"]
[EventDate "2012.08.28"]

1. d4 f5 2. c4 Nf6 3. Nc3 g6 4. g3 Bg7 5. Bg2 O-O 6. Nf3 d6 7. O-O c6 8. Re1 Ne4
9. Ng5 Nxc3 10. bxc3 h6 11. Nf3 e5 12. dxe5 dxe5 13. Ba3 Re8 14. Qd6 Qxd6 15.
Bxd6 e4 16. Nd4 Be6 17. c5 b6 18. Nxe6 Rxe6 19. Rac1 Nd7 20. Red1 Be5 21. Bxe5
Nxe5 22. Rd6 Rxd6 23. cxd6 Rd8 24. Rd1 Kf7 25. f3 exf3 26. exf3 f4 27. Rd4 fxg3
28. hxg3 c5 29. Re4 Nc6 30. f4 Rxd6 31. Kf2 Ne7 32. g4 Nd5 33. Rc4 Nf6 34. g5
Rd2+ 35. Kg3 Nh5+ 36. Kh3 Rf2 37. Bd5+ Kg7 38. gxh6+ Kxh6 39. Kg4 Nf6+ 40. Kg3
Rxa2 41. Be6 Ra3 42. Kh4 Ne8 43. f5 Nd6 44. Rg4 Nxf5+ 45. Bxf5 gxf5 46. Rg5 Ra4+ 0-1

[Event "40th Olympiad Open"]
[Site "Istanbul TUR"]
[Date "2012.09.07"]
[Round "10.54"]
[Board "4"]
[White "Constantinou, Pavlos"]
[Black "Alfaro Rojas, Alfonso"]
[Result "1/2-1/2"]
[WhiteElo "2064"]
[BlackElo "2239"]
[WhiteTeam "Cyprus"]
[BlackTeam "Costa Rica"]
[WhiteFideId "5900328"]
[BlackFideId "6500013"]
[EventDate "2012.08.28"]

1. d4 d5 2. c4 e6 3. Nf3 Nf6 4. e3 Be7 5. Nbd2 O-O 6. Be2 b6 7. cxd5 exd5 8. O-O
c5 9. b3 Be6 10. Bb2 Nbd7 11. Rc1 Qb8 12. Ne5 Nxe5 13. dxe5 Nd7 14. f4 f5 15.
Bf3 Qb7 16. Nb1 Rad8 17. Qd2 Nb8 18. Rfd1 Rd7 19. Nc3 Rfd8 20. Qe2 Qa6 21. Qxa6
Nxa6 22. Be2 Nc7 23. Nb5 Ne8 24. Kf2 a6 25. Na3 Nc7 26. h3 b5 27. Nc2 g5 28. g3
a5 29. Ne1 b4 30. fxg5 a4 31. Nf3 axb3 32. axb3 d4 33. Bc4 dxe3+ 34. Ke2 Bxc4+
35. bxc4 Ne6 36. Rxd7 Rxd7 37. Rd1 Rxd1 38. Kxd1 Nxg5 39. Nh4 Kf7 40. Nxf5 Ke6
41. Nxe7 Kxe7 42. Bc1 Ke6 43. Bxe3 Ne4 44. Kc2 Kxe5 45. Kd3 h5 46. g4 hxg4 47.
hxg4 b3 48. Bc1 Nf2+ 49. Kc3 Nxg4 50. Be3 1/2-1/2